| 000 | 00713nam a2200229 4500 | ||
|---|---|---|---|
| 001 | 00028752 | ||
| 005 | 20260413102818.0 | ||
| 008 | 260413b ag ||||| |||| 00| 0 spa d | ||
| 020 | _a9789870416685 | ||
| 040 |
_bspa _cAR-CcCEOS |
||
| 041 | _aspa | ||
| 080 | _a911(031) | ||
| 090 | _bGEO v.12 | ||
| 245 |
_aLa enciclopedia del estudiante : _bGeografía Descriptiva / _cLaura Pérgola |
||
| 250 | _a1ª ed. | ||
| 260 |
_aBuenos Aires : _bAguilar, _c2011. |
||
| 300 |
_av. 12, 320 p. ; _c28x20 cm. |
||
| 490 | _vLa enciclopedia del Estudiante ; 12 | ||
| 655 | 0 |
_aenciclopedias _vmaterial auxiliar para la enseñanza _91047 |
|
| 942 |
_2udc _cBK _n0 |
||
| 999 |
_c28787 _d28787 |
||